Animales del zoológico (Registro nro. 8924)

000 -CABECERA
campo de control de longitud fija 01375cam a2200361 a 4500
001 - NÚMERO DE CONTROL
campo de control 000093311
005 - FECHA Y HORA DE LA ÚLTIMA TRANSACCIÓN
campo de control 20200120224314.0
008 - DATOS DE LONGITUD FIJA--INFORMACIÓN GENERAL
campo de control de longitud fija 050131r20121991ag a br 000 0 spa d
020 ## - NÚMERO INTERNACIONAL ESTÁNDAR DEL LIBRO
Número Internacional Estándar del Libro 9789501180879 (colección)
020 ## - NÚMERO INTERNACIONAL ESTÁNDAR DEL LIBRO
Número Internacional Estándar del Libro 9789501108989
020 ## - NÚMERO INTERNACIONAL ESTÁNDAR DEL LIBRO
Número Internacional Estándar del Libro 9501108988
020 ## - NÚMERO INTERNACIONAL ESTÁNDAR DEL LIBRO
Número Internacional Estándar del Libro 9789581414048
040 ## - FUENTE DE LA CATALOGACIÓN
Centro catalogador/agencia de origen BibloRed
041 1# - CÓDIGO DE LENGUA
Código de lengua del texto/banda sonora o título independiente spa
Código de lengua original eng
082 04 - NÚMERO DE LA CLASIFICACIÓN DECIMAL DEWEY
Número de clasificación 591.5
Número de edición 21
245 00 - MENCIÓN DE TÍTULO
Título Animales del zoológico
Mención de responsabilidad, etc. traducción de Olga Colella
260 ## - PUBLICACIÓN, DISTRIBUCIÓN, ETC.
Lugar de publicación, distribución, etc. Buenos Aires
-- Bogotá
Nombre del editor, distribuidor, etc. Sigmar
-- Plaza y Janes
Fecha de publicación, distribución, etc. 2012
300 ## - DESCRIPCIÓN FÍSICA
Extensión 19 páginas
Otras características físicas ilustraciones en color
Dimensiones 22 cm.
490 0# - MENCIÓN DE SERIE
Mención de serie Abre tus ojos
500 ## - NOTA GENERAL
Nota general Los ejemplares de ISBN colombiano 9789581414048 pertenecen a la edición especial, Colección para la Primera Infancia del Ministerio de Cultura. Plan Nacional de Lectura y Escritura Leer es mi Cuento. 2012
505 0# - NOTA DE CONTENIDO CON FORMATO
Título Elefante
-- Camello
-- Mono
-- Cebra
-- Papagayo
-- Tigre
-- Serpiente
-- Pingüíno
521 ## - NOTA DE PÚBLICO DESTINATARIO
Nota de público destinatario Recomendado para niños de 5 años en adelante
534 ## - NOTA SOBRE LA VERSIÓN ORIGINAL
Mención de título del original Eye openers- Zoo animals
590 ## - NOTA LOCAL (RLIN)
Nota local Inventariado por la Biblioteca San Cristóbal - San Blas (UEL) Placa 003012
650 14 - PUNTO DE ACCESO ADICIONAL DE MATERIA--TÉRMINO DE MATERIA
Término de materia o nombre geográfico como elemento de entrada Animales de zoológico
650 14 - PUNTO DE ACCESO ADICIONAL DE MATERIA--TÉRMINO DE MATERIA
Término de materia o nombre geográfico como elemento de entrada Mamíferos
650 14 - PUNTO DE ACCESO ADICIONAL DE MATERIA--TÉRMINO DE MATERIA
Término de materia o nombre geográfico como elemento de entrada Aves
650 14 - PUNTO DE ACCESO ADICIONAL DE MATERIA--TÉRMINO DE MATERIA
Término de materia o nombre geográfico como elemento de entrada Reptiles
650 14 - PUNTO DE ACCESO ADICIONAL DE MATERIA--TÉRMINO DE MATERIA
Término de materia o nombre geográfico como elemento de entrada Animales nocturnos
650 14 - PUNTO DE ACCESO ADICIONAL DE MATERIA--TÉRMINO DE MATERIA
Término de materia o nombre geográfico como elemento de entrada Libros y lectura para niños
650 14 - PUNTO DE ACCESO ADICIONAL DE MATERIA--TÉRMINO DE MATERIA
Término de materia o nombre geográfico como elemento de entrada Libros ilustrados para niños
700 ## - PUNTO DE ACCESO ADICIONAL--NOMBRE DE PERSONA
Nombre de persona Colella, Olga
Término indicativo de función/relación traductora

No hay ítems disponibles.


© Todos los derechos reservados para la Biblioteca Pública Municipal San Juan Bosco, 2020
Secretaria de Cultura de Mosquera
Carrera 3 N° 10 Esquina Centro Cultural Barrio El Carmén Teléfono: 8270830 Ext: 34
Funcionando con KOHA
Contacto: Biblioteca Pública Municipal San Juan Bosco/ bibliotecasanjuanbosco@mosquera-cundinamarca.gov.co
Mosquera, Cundinamarca